000 01356nam a22003737a 4500
003 CHAP
005 20251202083412.0
008 060410d2005 mx r 00110 spa d
010 _a92023
011 _a92995
020 _a9709179063
035 _a103562
040 _cCHAP
090 _aFolleto 17054
100 1 0 _aQuintero Lizaola, Roberto
_993423
245 1 0 _aManual para la medición de actividades enzimáticas en compost y vermicompost
_c/por Roberto Quintero Lizaola, Ronald Ferrera Cerrato y Jorge D. Etchevers Barra
260 _aMontecillo, Méx. :
_bColegio de Postgraduados en Ciencias Agícolas,
_c2005.
300 _a51 p.
590 _aBATCH-UPD
_b10
_c20130110
_lUCH01
_h0430
590 _aBATCH-UPD
_b10
_c20130110
_lUCH01
_h2302
590 _aCONVERSION
_b10
_c20130109
_lUCH01
_h1351
650 1 4 _aCompost.
_926105
650 1 4 _aEnzimas.
_937195
650 1 4 _aVermicompost.
700 0 _aEtchevers Barra, Jorge D.
_938585
700 0 _aFerrera Cerrato, Ronald.
_940411
901 _aBK
905 _aLilia
942 _cFOLL
949 _aFolleto 17054
_bBC
_cFOLL
_d33724000984803
_eTS1
_i103562
_sb
949 _aFolleto 17054
_bBC
_cFOLL
_d33724000984860
_eTS2
_fc.2
_i103562
_sb
949 _aFolleto 17054
_bBC
_cFOLL
_d33724000984944
_eTS2
_fc.3
_i103562
_sb
949 _aFolleto 17054
_bBC
_cUACH
_d33724000984746
_eUACH
_fc.4
_i103562
_sb
999 _c92023
_d92023